00824nam a22002417a 450000500170000001000130001702000220003003500130005203700160006504000120008108200160009310000240010924500590013326000430019227000520023530000240028750000510031165000310036265000220039394200250041599900190044095201230045920170124110037.0 aA-806668 c00.00a8120718232 aA-806668 bCen Lib/Ret aDPLbEN a883.08bSOM aSomanath, P.922913 aRomen basu :cby P. Somanathbhis vision and his art / aNew Delhi bSterling Publishers c1995 bNew Delhi aL-10, green park extention e110016 aix, 243p.c20cm(Hb) aIncludes bibliographical references and index  aEnglish Literature 922914 aBiographies 9618 2ddccENh883.08mSOM c128279d128279 00104070aLbLd2015-07-02eCen Lib/Retg0.00l0o883.08 SOMpA-806668r2015-07-02 00:00:00t1v0.00w2015-07-02yEN